Real option in BOT projects
Investičné projekty financované metódou BOT (Built-Operat-Transfer) majú mnoho rizík. Z tohto dôvodu vláda môže zostrojiť takzvaný balík opcií na zníženie rizika projektov. Vláda prostredníctvom opcií sa zaväzuje, že poskytne súkromným investorom pomoc, ak niektorý z vopred stanovených ukazovateľov...
Uložené v:
| Hlavný autor: | |
|---|---|
| Ďalší autori: | |
| Médium: | Kapitola |
| Jazyk: | English |
| Predmet: | |
| Tagy: |
Žiadne tagy, Buďte prvý, kto otaguje tento záznam!
|
MARC
| LEADER | 00000nla a2200000 4500 | ||
|---|---|---|---|
| 001 | 0168011 | ||
| 005 | 20240603075614.2 | ||
| 041 | 0 | |a eng | |
| 044 | |a CZ | ||
| 245 | 1 | 0 | |a Real option in BOT projects |c Nora Grisáková, Jakub Kintler |
| 520 | |a Investičné projekty financované metódou BOT (Built-Operat-Transfer) majú mnoho rizík. Z tohto dôvodu vláda môže zostrojiť takzvaný balík opcií na zníženie rizika projektov. Vláda prostredníctvom opcií sa zaväzuje, že poskytne súkromným investorom pomoc, ak niektorý z vopred stanovených ukazovateľov nedosiahne požadovanú hodnotu. V príspevku je uvedený príklad takejto vládnej opcie na príklade výstavby diaľnic. | ||
| 610 | 2 | 0 | |a opcie |
| 610 | 2 | 0 | |a projekty investičné |
| 610 | 2 | 0 | |a štát |
| 610 | 2 | 0 | |a vláda |
| 610 | 2 | 0 | |a diaľnice |
| 100 | 1 | |a Grisáková, Nora, 1978- | |
| 700 | 1 | |a Kintler, Jakub, 1979- | |